Sierra Leone : Request for a Three-Year Arrangement Under the Extended Credit Facility-Press Release; Staff Report; and Statement by the Executive Director for Sierra Leone.

This paper discusses Sierra Leone's Request for a Three-Year Arrangement under the Extended Credit Facility (ECF). In the near term, this ECF is expected to support important but difficult policies: ending routine foreign exchange auctions and eliminating numerous tax and duty exemptions while...

詳細記述

書誌詳細
団体著者: International Monetary Fund. African Dept
フォーマット: 雑誌
言語:English
出版事項: Washington, D.C. : International Monetary Fund, 2017.
シリーズ:IMF Staff Country Reports; Country Report ; No. 2017/154
オンライン・アクセス:Full text available on IMF
LEADER 01873cas a2200241 a 4500
001 AALejournalIMF017713
008 230101c9999 xx r poo 0 0eng d
020 |c 5.00 USD 
020 |z 9781484303832 
022 |a 1934-7685 
040 |a BD-DhAAL  |c BD-DhAAL 
110 2 |a International Monetary Fund.  |b African Dept. 
245 1 0 |a Sierra Leone :   |b Request for a Three-Year Arrangement Under the Extended Credit Facility-Press Release; Staff Report; and Statement by the Executive Director for Sierra Leone. 
264 1 |a Washington, D.C. :  |b International Monetary Fund,  |c 2017. 
300 |a 1 online resource (100 pages) 
490 1 |a IMF Staff Country Reports 
500 |a <strong>Off-Campus Access:</strong> No User ID or Password Required 
500 |a <strong>On-Campus Access:</strong> No User ID or Password Required 
506 |a Electronic access restricted to authorized BRAC University faculty, staff and students 
520 3 |a This paper discusses Sierra Leone's Request for a Three-Year Arrangement under the Extended Credit Facility (ECF). In the near term, this ECF is expected to support important but difficult policies: ending routine foreign exchange auctions and eliminating numerous tax and duty exemptions while increasing infrastructure spending and bolstering the social safety net. The ECF will also catalyze maintenance of external support. In the medium term, the proposed arrangement will provide the framework for structural progress on revenue mobilization, public financial management and financial sector reforms, and increased reserves. The IMF staff supports the authorities' request for the new ECF. 
538 |a Mode of access: Internet 
830 0 |a IMF Staff Country Reports; Country Report ;  |v No. 2017/154 
856 4 0 |z Full text available on IMF  |u http://elibrary.imf.org/view/journals/002/2017/154/002.2017.issue-154-en.xml  |z IMF e-Library